00504 a2200157 450000100060000002000150000604000220002124000580004324500530010130000080015436200090016265000450017194200070021695201060022399900170032961393 a8586116289 cAnchieta - Pituba10aGrandes acontecimentos que transformaram o mundolpor10aGrandes acontecimentos que transformaram o mundo a4480 a2000 4aHistória do mundo antigo até 499 AC. cBK 00104070a91.1b91.1d2023-11-21l0o930 G752g GRAp13412/PITr2023-11-21 18:29:33w2023-11-21yBK c61393d61393